Central Library OPAC University of Rajshahi

Nostromo : (Record no. 79666)

MARC details
000 -LEADER
fixed length control field 00805nam a2200265 a 4500
001 - CONTROL NUMBER
control field 79666
003 - CONTROL NUMBER IDENTIFIER
rucl marc code BD-RjUL
005 - DATE AND TIME OF LATEST TRANSACTION
control field 20221106100401.0
008 - FIXED-LENGTH DATA ELEMENTS--GENERAL INFORMATION
fixed length control field 220405r19631947enk b 000 1 eng d
035 ## - SYSTEM CONTROL NUMBER
System control number (BD-RjUL)79666
040 ## - CATALOGING SOURCE
Original cataloging agency MNX
Transcribing agency MNX
Modifying agency EQO
-- BD-RjUL
Language of cataloging eng
041 ## - LANGUAGE CODE
Language code of text/sound track or separate title eng
082 ## - DEWEY DECIMAL CLASSIFICATION NUMBER
Edition number 23
Classification number 823.912
Author mark and year CON 1963
092 ## - LOCALLY ASSIGNED DEWEY CALL NUMBER (OCLC)
Classification number D0400253872
100 1# - MAIN ENTRY--PERSONAL NAME
Personal name Conrad, Joseph,
Dates associated with a name 1857-1924.
9 (RLIN) 2262
245 10 - TITLE STATEMENT
Title Nostromo :
Remainder of title a tale of the seaboard /
Statement of responsibility, etc. by Joseph Conrad.
260 ## - PUBLICATION, DISTRIBUTION, ETC. (IMPRINT)
Place of publication, distribution, etc. London :
Name of publisher, distributor, etc. Dent,
Date of publication, distribution, etc. 1947 [reprinted 1955,1963]
300 ## - PHYSICAL DESCRIPTION
Pagination xxiii, 566 p. ;
Size 19 cm.
490 1# - SERIES STATEMENT
Series statement Collected edition of the works of Joseph Conrad
500 ## - GENERAL NOTE
General note First published 1904.
504 ## - BIBLIOGRAPHY, ETC. NOTE
Bibliography, etc Bibliography: p. xii-xiii.
650 ## - SUBJECT ADDED ENTRY--TOPICAL TERM
Topical term or geographic name as entry element English fiction
9 (RLIN) 2263
Topical term or geographic name as entry element Political fiction
9 (RLIN) 2264
942 ## - ADDED ENTRY ELEMENTS (KOHA)
Source of classification or shelving scheme Dewey Decimal Classification
Koha item type Books
Holdings
Lost status Source of classification or shelving scheme Damaged status Not for loan Collection code Permanent Location Current Location Shelving location Date acquired Source of acquisition Cost, normal purchase price Total Checkouts Full call number Date last seen Copy number Koha item type
  Dewey Decimal Classification   Not For Loan Fiction Central Library, University of Rajshahi Central Library, University of Rajshahi Reading Room 14/03/1964 Zeitlinger 2.60   823.912 CON 1963 05/04/2022 C-1 Books
  Dewey Decimal Classification     Fiction Central Library, University of Rajshahi Central Library, University of Rajshahi General Stacks 06/08/1956 B.H. Blackwell 8.60   823.912 CON 1963 06/11/2022 C-2 Books